000 00431nam a2200157Ia 4500
008 240729s9999 xx 000 0 und d
022 _a2664-4657
245 0 _aGlobal Journal of Public Health Medicine
260 _aMalaysia
260 _bEducation in Action Club
650 _a Medicine (General)
650 _aMedicine
856 _uhttps://doaj.org/toc/dcc3728bb9934db0a089fff4bc12dfb6
942 _2ddc
942 _cDOAJEJ
999 _c68866
_d68866
945 _a1
_bMadushi Gamage
_c1
_dMadushi Gamage